हिंदी अकादेमी दिल्ली राज्य द्वारा साहित्यिक कृति पुरस्कार से सम्मानित अन्नदा / (Record no. 117995)

MARC details
000 -LEADER
fixed length control field 01217nam a22002537a 4500
005 - DATE AND TIME OF LATEST TRANSACTION
control field 20170124103104.0
010 ## - LIBRARY OF CONGRESS CONTROL NUMBER
LC control number A-959243
020 ## - INTERNATIONAL STANDARD BOOK NUMBER
Terms of availability 100.00
035 ## - SYSTEM CONTROL NUMBER
System control number A-959243
037 ## - SOURCE OF ACQUISITION
Source of stock number/acquisition Cen Lib/Ret
040 ## - CATALOGING SOURCE
Original cataloging agency DPL
Language of cataloging HN
082 ## - DEWEY DECIMAL CLASSIFICATION NUMBER
Classification number
Item number शुक्लअ
100 ## - MAIN ENTRY--PERSONAL NAME
Personal name शुक्ल, अमरनाथ
9 (RLIN) 77864
245 ## - TITLE STATEMENT
Title हिंदी अकादेमी दिल्ली राज्य द्वारा साहित्यिक कृति पुरस्कार से सम्मानित अन्नदा /
Statement of responsibility, etc अमरनाथ शुक्ल
246 ## - VARYING FORM OF TITLE
Title proper/short title Hindi academi dilli rajya dwara sahityik kriti puraskar se smmanit annda
Remainder of title by Amar Nath Shukl
260 ## - PUBLICATION, DISTRIBUTION, ETC. (IMPRINT)
Place of publication, distribution, etc दिल्ली
Name of publisher, distributor, etc शुभकामना कला निकेतन प्रकाशन
Date of publication, distribution, etc 1998
270 ## - ADDRESS
Address नवीन शाहदरा
City दिल्ली
Postal code 110032
300 ## - PHYSICAL DESCRIPTION
Extent 127पृष्ठ.
Dimensions 20सेमी(सजिल्द)
650 ## - SUBJECT ADDED ENTRY--TOPICAL TERM
Topical term or geographic name as entry element हिंदी साहित्य
9 (RLIN) 77865
650 ## - SUBJECT ADDED ENTRY--TOPICAL TERM
Topical term or geographic name as entry element हिंदी उपन्यास
9 (RLIN) 77866
650 ## - SUBJECT ADDED ENTRY--TOPICAL TERM
Topical term or geographic name as entry element Hindi literature
9 (RLIN) 77867
650 ## - SUBJECT ADDED ENTRY--TOPICAL TERM
Topical term or geographic name as entry element Hindi novel
9 (RLIN) 77868
942 ## - ADDED ENTRY ELEMENTS (KOHA)
Source of classification or shelving scheme Dewey Decimal Classification
Koha item type Hindi Books
Classification part
Call number suffix शुक्लअ
Holdings
Withdrawn status Lost status Damaged status Not for loan Home library Current library Date acquired Source of acquisition Cost, normal purchase price Total Checkouts Full call number Barcode Date last seen Copy number Cost, replacement price Price effective from Koha item type
        Central Library Central Library 09/09/2015 Cen Lib /Ret 100.00   उ शुक्लअ A-959243 09/09/2015 1 100.00 09/09/2015 Hindi Books

© Delhi Public Library
Hit Counter
free hit counter